| 000 | 00707nam a2200217 a 4500 | ||
|---|---|---|---|
| 001 | 81697 | ||
| 003 | BD-RjUL | ||
| 005 | 20230816122044.0 | ||
| 008 | 230816s2013 bg ||||| |||| 00| 0 eng d | ||
| 035 | _a(BD-RjUL)81697 | ||
| 040 |
_aBD-RjUL _beng _cBD-RjUL |
||
| 041 | _aben | ||
| 082 |
_223 _a294.5512 _bCHM 2013 |
||
| 100 |
_aচাকী, লীনা _98261 |
||
| 245 | 1 | 0 |
_aমেলা-মোচ্ছব-ধুলোট / _cলীনা চাকী |
| 260 |
_aকলকাতা : _bকারিগর, _c২০১৩ |
||
| 300 |
_a১৬০ পৃ.: _bচিত্র; _c২২ সেমি. |
||
| 650 |
_aবৈষ্ণবধর্ম _98363 |
||
| 650 |
_aVaishnavism _98364 |
||
| 942 |
_2ddc _cBK |
||
| 999 |
_c81697 _d81697 |
||